| 000 | 00778nam a2200253Ia 4500 | ||
|---|---|---|---|
| 999 |
_c55503 _d55503 |
||
| 001 | 22585 | ||
| 003 | GE_BSU | ||
| 005 | 20230330164410.0 | ||
| 008 | 181216s2012||||-ge|||||||||||||| ||ger|| | ||
| 020 | _a9783195019019 | ||
| 040 | _cGE_BSU | ||
| 041 | _agre | ||
| 080 | _a811.112.1 E-93 | ||
| 100 |
_aEvans, Sandra _917390 |
||
| 245 |
_aMenschen A1/2 : _bDeutsch als Fremdsprache Kursbuch / _c Sandra Evans, Angela Pude, Franz Specht. |
||
| 264 |
_aMunchen : _bHueber Verlag, _c2012. |
||
| 300 |
_a96 p. : _bill ; _c29 cm. _e+1DVD-Rom.A1.2 |
||
| 541 | _h42gel. | ||
| 653 | _aMenschen A1/2.Deutsch als Fremdsprache Kursbuch | ||
| 653 | _aგერმანული ენა | ||
| 700 |
_aPude, Angela _eby _917391 |
||
| 700 |
_aSpecht, Franz _eby _917378 |
||
| 942 |
_cBK _2udc |
||